[Event "2. Bundesliga Ost 2013/2014"]
[Site "Wien"]
[Date "2014.03.22"]
[Round "10"]
[Board "4"]
[White "Strodl, Joachim"]
[Black "Neumeier, Klaus"]
[Result "0-1"]
[WhiteElo "2074"]
[BlackElo "2296"]
[PlyCount "82"]
[EventDate "2013.10.05"]
[EventType "team"]
[EventRounds "11"]
[EventCountry "AUT"]
[WhiteTeam "ASVOE Mattersburg"]
[BlackTeam "Spg Data Technology Eichgraben/P."]

1. e4 c5 2. Nc3 e6 3. g3 d5 4. d3 Nc6 5. Nf3 Nge7 6. Qe2 Nd4 7. Nxd4 cxd4 8.
Nd1 Bd7 9. Bg2 dxe4 10. Bxe4 Bc6 11. O-O Rc8 12. c4 dxc3 13. Nxc3 Nd5 14. Nxd5
Bxd5 15. Be3 a6 16. Rac1 Rc6 17. a3 Be7 18. Bd4 O-O 19. Rxc6 Bxc6 20. Bxc6 Qxd4
21. Bxb7 Rb8 22. Bxa6 Rxb2 23. Qf3 g6 24. Bc4 Bxa3 25. Kg2 Bc5 26. Kg1 g5 27.
h3 Kg7 28. Qg4 Qf6 29. h4 h6 30. d4 Bxd4 31. Be2 Qe5 32. Bf3 f5 33. Qh3 g4 34.
Bxg4 fxg4 35. Qxg4+ Kf7 36. Kh1 Rxf2 37. Rxf2+ Bxf2 38. Qf3+ Qf5 39. Qb7+ Kg6
40. Kg2 Bd4 41. Qb3 Qf2+ 0-1

[Event "2. Bundesliga Ost 2013/2014"]
[Site "Wien"]
[Date "2014.03.22"]
[Round "10"]
[Board "6"]
[White "Plank, Reinhard"]
[Black "Hechl, Gerald"]
[Result "0-1"]
[WhiteElo "1918"]
[BlackElo "2182"]
[PlyCount "40"]
[EventDate "2013.10.05"]
[EventType "team"]
[EventRounds "11"]
[EventCountry "AUT"]
[WhiteTeam "ASVOE Mattersburg"]
[BlackTeam "Spg Data Technology Eichgraben/P."]

1. e4 c5 2. Nf3 e6 3. d4 cxd4 4. Nxd4 Bc5 5. Nb3 Bb6 6. c4 Ne7 7. Nc3 Nbc6 8.
Be2 O-O 9. O-O f5 10. c5 Bc7 11. Nd4 Nxd4 12. Qxd4 Nc6 13. Qa4 f4 14. Nb5 Be5
15. f3 a6 16. Rd1 Qh4 17. Rb1 Rf6 18. Bd2 axb5 19. Qxa8 Bd4+ 20. Kh1 Qxh2+ 0-1

[Event "2. Bundesliga Ost 2013/2014"]
[Site "Wien"]
[Date "2014.03.22"]
[Round "10"]
[Board "2"]
[White "Wolfram, Bernd"]
[Black "Lipka, Juraj"]
[Result "1/2-1/2"]
[WhiteElo "2259"]
[BlackElo "2419"]
[PlyCount "59"]
[EventDate "2013.10.05"]
[EventType "team"]
[EventRounds "11"]
[EventCountry "AUT"]
[WhiteTeam "Purbach"]
[BlackTeam "ASVOE Pamhagen"]

1. c4 b6 2. Nc3 Bb7 3. e4 e6 4. g3 f5 5. d3 Nf6 6. Bg2 Bb4 7. Nge2 O-O 8. O-O
Na6 9. a3 Bxc3 10. Nxc3 fxe4 11. dxe4 Nc5 12. e5 Bxg2 13. Kxg2 Nfe4 14. Nxe4
Nxe4 15. Qg4 Nc5 16. b4 Nb7 17. Bg5 Qe8 18. Qe4 Rb8 19. Rad1 Rf5 20. Bc1 a5 21.
Bb2 Qe7 22. Bc3 axb4 23. axb4 Nd8 24. Rd2 Nf7 25. f4 g5 26. g4 Rxf4 27. Rxf4
gxf4 28. Qxf4 Rf8 29. Qf6 Qxf6 30. exf6 1/2-1/2

[Event "2. Bundesliga Ost 2013/2014"]
[Site "Wien"]
[Date "2014.03.22"]
[Round "10"]
[Board "3"]
[White "Kochetkova, Julia"]
[Black "Heiny, Michael"]
[Result "1/2-1/2"]
[WhiteElo "2354"]
[BlackElo "2084"]
[PlyCount "81"]
[EventDate "2013.10.05"]
[EventType "team"]
[EventRounds "11"]
[EventCountry "AUT"]
[WhiteTeam "ASVOE Pamhagen"]
[BlackTeam "Purbach"]

1. e4 e6 2. d4 d5 3. Nd2 Nf6 4. e5 Nfd7 5. Bd3 c5 6. c3 Nc6 7. Ne2 Qb6 8. Nf3
f6 9. exf6 Nxf6 10. O-O Bd6 11. c4 O-O 12. Be3 cxd4 13. Nexd4 Bc5 14. b4 Nxb4
15. Rb1 Qd6 16. Nb5 Qe7 17. cxd5 Nbxd5 18. Bd2 a6 19. Nc3 b5 20. Nxd5 exd5 21.
Qb3 Bg4 22. Rbe1 Qd6 23. Ne5 Be6 24. Qb1 Ne4 25. Bxe4 dxe4 26. Bc3 Qb6 27. Rxe4
Rxf2 28. Rxf2 Bxf2+ 29. Kh1 Rd8 30. Nd3 Bd4 31. Nf4 Bf7 32. Be1 Bf2 33. h3 Bxe1
34. Qxe1 Qd6 35. Qe3 Bxa2 36. Ne6 Re8 37. Ng5 Qd1+ 38. Kh2 Qd6+ 39. Kh1 Qd1+
40. Kh2 Qd6+ 41. Kh1 1/2-1/2

[Event "2. Bundesliga Ost 2013/2014"]
[Site "Wien"]
[Date "2014.03.22"]
[Round "10"]
[Board "4"]
[White "Zimmermann, Heinz"]
[Black "Vitouch, Anatol"]
[Result "1-0"]
[WhiteElo "2171"]
[BlackElo "2270"]
[PlyCount "73"]
[EventDate "2013.10.05"]
[EventType "team"]
[EventRounds "11"]
[EventCountry "AUT"]
[WhiteTeam "Purbach"]
[BlackTeam "ASVOE Pamhagen"]

1. d4 d6 2. Nf3 Bg4 3. e4 Nf6 4. Nbd2 e6 5. Bd3 Be7 6. O-O O-O 7. c3 Nbd7 8.
Qc2 h6 9. h3 Bxf3 10. Nxf3 c5 11. Qe2 Rc8 12. e5 dxe5 13. dxe5 Nd5 14. Qe4 g6
15. Bxh6 Re8 16. h4 Bf8 17. Bg5 Be7 18. Rad1 a6 19. Rfe1 Kg7 20. c4 Nb4 21.
Qxb7 Rb8 22. Qe4 Nxa2 23. Bb1 Nb4 24. Bd2 Rh8 25. g3 Qc7 26. Bg5 Nc6 27. Bxe7
Nxe7 28. Rd6 Rxb2 29. Ng5 Qb7 30. Qf4 Nf5 31. Be4 Qb4 32. Red1 Nb6 33. Bxf5
exf5 34. e6 Re2 35. Nxf7 Rh5 36. Ng5 Qxc4 37. Rd7+ 1-0

[Event "2. Bundesliga Ost 2013/2014"]
[Site "Wien"]
[Date "2014.03.22"]
[Round "10"]
[Board "5"]
[White "Bezuch, Martin"]
[Black "Bauer, Valentina"]
[Result "1-0"]
[WhiteElo "2295"]
[BlackElo "1787"]
[PlyCount "53"]
[EventDate "2013.10.05"]
[EventType "team"]
[EventRounds "11"]
[EventCountry "AUT"]
[WhiteTeam "ASVOE Pamhagen"]
[BlackTeam "Purbach"]

1. Nf3 d5 2. g3 e6 3. Bg2 Nf6 4. O-O Be7 5. d3 O-O 6. Nbd2 c5 7. e4 Nc6 8. c3
b6 9. Re1 Bb7 10. e5 Nd7 11. Nf1 Qc7 12. Bf4 Rfd8 13. h4 Nf8 14. h5 h6 15. N1h2
d4 16. c4 a6 17. b3 b5 18. Ng4 bxc4 19. bxc4 Rdb8 20. Qd2 Nh7 21. Bxh6 gxh6 22.
Re4 Qd8 23. Nxh6+ Kg7 24. Rg4+ Ng5 25. Nxg5 Bxg5 26. Rxg5+ Kxh6 27. Rg6+ 1-0

[Event "2. Bundesliga Ost 2013/2014"]
[Site "Wien"]
[Date "2014.03.22"]
[Round "10"]
[Board "6"]
[White "Mueller, Florian"]
[Black "Hapala, Lisa"]
[Result "0-1"]
[WhiteElo "1775"]
[BlackElo "2018"]
[PlyCount "48"]
[EventDate "2013.10.05"]
[EventType "team"]
[EventRounds "11"]
[EventCountry "AUT"]
[WhiteTeam "Purbach"]
[BlackTeam "ASVOE Pamhagen"]

1. c4 c6 2. Nc3 d5 3. cxd5 cxd5 4. d4 Nf6 5. Bg5 Ne4 6. Nxe4 dxe4 7. d5 Qb6 8.
Qa4+ Nd7 9. Qxe4 Qxb2 10. Rb1 Qxa2 11. d6 Qa5+ 12. Bd2 Qe5 13. Qxe5 Nxe5 14.
dxe7 Bxe7 15. g3 Nc4 16. Bc3 O-O 17. Bg2 Rb8 18. Bd5 Nd6 19. Nf3 Bf5 20. Rb2
Rfc8 21. Bd2 Be4 22. Bxe4 Nxe4 23. Bf4 Bd6 24. Bxd6 Rc1# 0-1

[Event "2. Bundesliga Ost 2013/2014"]
[Site "Wien"]
[Date "2014.03.22"]
[Round "10"]
[Board "1"]
[White "Lendwai, Reinhard"]
[Black "Beck, Hartmuth"]
[Result "1/2-1/2"]
[WhiteElo "2379"]
[BlackElo "2313"]
[PlyCount "194"]
[EventDate "2013.10.05"]
[EventType "team"]
[EventRounds "11"]
[EventCountry "AUT"]
[WhiteTeam "Raiffeisen Waehring"]
[BlackTeam "SG Hietzing/Ottakring"]

1. e4 d5 2. exd5 Qxd5 3. Nc3 Qd6 4. d4 Nf6 5. Nge2 Bf5 6. g3 c6 7. Bg2 e6 8.
O-O Nbd7 9. Bf4 Qb4 10. Qc1 Bd6 11. Be3 Nd5 12. Ne4 Be7 13. c4 Nxe3 14. fxe3
O-O 15. a3 Qb3 16. c5 Nf6 17. N4c3 Rad8 18. h3 Bd3 19. Rf3 Qc4 20. Nf4 e5 21.
b3 Qa6 22. dxe5 Nd7 23. e6 Nxc5 24. exf7+ Rxf7 25. Nxd3 Nxd3 26. Qf1 Rxf3 27.
Qxf3 Qa5 28. Ne4 Qb6 29. b4 Ne5 30. Qf5 Qxe3+ 31. Kh1 Ng6 32. h4 Qb3 33. h5 Nf8
34. Rf1 Rd1 35. Kh2 Rxf1 36. Bxf1 Qf7 37. Qxf7+ Kxf7 38. Bc4+ Ke8 39. Bg8 Kd7
40. Kg2 h6 41. Kf3 a5 42. bxa5 Bxa3 43. Nd2 Bd6 44. Nc4 Bc7 45. g4 Ne6 46. Ke4
Nc5+ 47. Kf5 Ke7 48. g5 hxg5 49. Kxg5 Kf8 50. Bh7 Nb3 51. a6 bxa6 52. Be4 Nd4
53. Ne3 a5 54. Nc2 c5 55. Nxd4 cxd4 56. Bc2 Ke7 57. Kf5 Kd6 58. Kg6 Kc5 59.
Kxg7 Be5+ 60. Kg6 Kc4 61. Kf5 Kc3 62. Kxe5 Kxc2 63. h6 d3 64. h7 d2 65. h8=Q
d1=Q 66. Qa8 Qd2 67. Kf6 Qd4+ 68. Kg6 a4 69. Qc6+ Kd2 70. Qg2+ Kc3 71. Qc6+ Qc4
72. Qf6+ Kb3 73. Qf3+ Qc3 74. Qb7+ Ka3 75. Qe7+ Ka2 76. Qe2+ Qb2 77. Qc4+ Qb3
78. Qe2+ Ka1 79. Qe5+ Qb2 80. Qd5 a3 81. Kh6 Qh2+ 82. Kg6 a2 83. Qd1+ Kb2 84.
Qd4+ Kc2 85. Qa4+ Kc1 86. Qa3+ Qb2 87. Qe3+ Qd2 88. Qg1+ Qd1 89. Qe3+ Qd2 90.
Qg1+ Qd1 91. Qe3+ Kb2 92. Qe5+ Kc2 93. Qc5+ Kb1 94. Qb4+ Kc1 95. Qa3+ Kd2 96.
Qxa2+ Qc2+ 97. Qxc2+ Kxc2 1/2-1/2

[Event "2. Bundesliga Ost 2013/2014"]
[Site "Wien"]
[Date "2014.03.22"]
[Round "10"]
[Board "2"]
[White "Menezes, Christoph"]
[Black "Kirschner, Alexander"]
[Result "1-0"]
[WhiteElo "2263"]
[BlackElo "2286"]
[PlyCount "80"]
[EventDate "2013.10.05"]
[EventType "team"]
[EventRounds "11"]
[EventCountry "AUT"]
[WhiteTeam "SG Hietzing/Ottakring"]
[BlackTeam "Raiffeisen Waehring"]

1. Nf3 Nf6 2. c4 c5 3. Nc3 g6 4. g3 Bg7 5. Bg2 O-O 6. d4 cxd4 7. Nxd4 Nc6 8.
O-O Nxd4 9. Qxd4 d6 10. Qd3 Nd7 11. b3 Ne5 12. Qd2 Rb8 13. Bb2 a6 14. Rfd1 Be6
15. Rac1 b5 16. cxb5 axb5 17. Nd5 Bxd5 18. Bxd5 b4 19. Rc2 Nd7 20. Bxg7 Kxg7
21. Rdc1 Nc5 22. Rc4 Na6 23. Rh4 h5 24. Rxh5 e6 25. Qh6+ Kf6 26. Bf3 Nc5 27.
Rh4 e5 28. Qd2 Na6 29. Rc6 Rb6 30. Rhc4 Re8 31. Rxb6 Qxb6 32. Rc6 Qa5 33. Rxd6+
Re6 34. Rd5 Qc7 35. Rd7 Qc3 36. Qh6 Qc8 37. Qh4+ Kg7 38. Rd8 Qc1+ 39. Kg2 g5
40. Qh8+ Kg6 1-0

[Event "2. Bundesliga Ost 2013/2014"]
[Site "Wien"]
[Date "2014.03.22"]
[Round "10"]
[Board "3"]
[White "Brustkern, Juergen"]
[Black "Gstach, Jakob"]
[Result "1-0"]
[WhiteElo "2241"]
[BlackElo "2209"]
[PlyCount "65"]
[EventDate "2013.10.05"]
[EventType "team"]
[EventRounds "11"]
[EventCountry "AUT"]
[WhiteTeam "Raiffeisen Waehring"]
[BlackTeam "SG Hietzing/Ottakring"]

1. c4 g6 2. Nc3 Bg7 3. d4 Nf6 4. e4 d6 5. f4 O-O 6. Nf3 c5 7. d5 e6 8. Be2 exd5
9. cxd5 Bg4 10. O-O Nbd7 11. h3 Bxf3 12. Bxf3 Re8 13. a4 c4 14. Be3 Qa5 15. Bd4
a6 16. Kh1 Re7 17. g4 Nb6 18. g5 Nfd7 19. Bxg7 Kxg7 20. Qd4+ Kg8 21. h4 Nc5 22.
h5 gxh5 23. Qf6 Rae8 24. Qxd6 Nxe4 25. Nxe4 Rxe4 26. Bxe4 Rxe4 27. Qd8+ Kg7 28.
Rad1 Qc5 29. Rf3 Nc8 30. f5 Rh4+ 31. Kg2 Rg4+ 32. Kh3 Rf4 33. Rdf1 1-0

[Event "2. Bundesliga Ost 2013/2014"]
[Site "Wien"]
[Date "2014.03.22"]
[Round "10"]
[Board "4"]
[White "Schneider-Zinner, Harald"]
[Black "Todor, Razvan"]
[Result "1-0"]
[WhiteElo "2349"]
[BlackElo "2161"]
[PlyCount "55"]
[EventDate "2013.10.05"]
[EventType "team"]
[EventRounds "11"]
[EventCountry "AUT"]
[WhiteTeam "SG Hietzing/Ottakring"]
[BlackTeam "Raiffeisen Waehring"]

1. d4 Nf6 2. c4 e6 3. g3 b6 4. Bg2 d5 5. Nc3 Bb7 6. cxd5 Nxd5 7. e4 Nxc3 8.
bxc3 c5 9. Ne2 cxd4 10. cxd4 Bb4+ 11. Bd2 Be7 12. O-O O-O 13. Bc3 Nd7 14. Qd3
Nf6 15. Rad1 Qd7 16. d5 Rfd8 17. Nf4 Qa4 18. Qb1 exd5 19. exd5 Rd7 20. Rfe1 Qa3
21. Bb2 Qc5 22. d6 Bxd6 23. Bxb7 Rxb7 24. Bxf6 gxf6 25. Nd5 Be5 26. Qf5 Rd8 27.
Rxe5 fxe5 28. Qg5+ 1-0

[Event "2. Bundesliga Ost 2013/2014"]
[Site "Wien"]
[Date "2014.03.22"]
[Round "10"]
[Board "5"]
[White "Prinzjakowitsch, Bernhard"]
[Black "Steiner, Adam"]
[Result "0-1"]
[WhiteElo "2126"]
[BlackElo "2255"]
[PlyCount "144"]
[EventDate "2013.10.05"]
[EventType "team"]
[EventRounds "11"]
[EventCountry "AUT"]
[WhiteTeam "Raiffeisen Waehring"]
[BlackTeam "SG Hietzing/Ottakring"]

1. e4 c5 2. Nf3 d6 3. d4 cxd4 4. Nxd4 Nf6 5. Nc3 g6 6. Be2 Bg7 7. Be3 Nc6 8.
O-O O-O 9. h3 Nxd4 10. Bxd4 Be6 11. Qd2 a6 12. a4 Rc8 13. Rfd1 Re8 14. Bf3 Nd7
15. Bxg7 Kxg7 16. Nd5 Ne5 17. Be2 Bxd5 18. exd5 Qb6 19. b3 Qc5 20. c4 a5 21.
Re1 f5 22. Rad1 Rf8 23. Qd4 Rf6 24. Qxc5 Rxc5 25. f4 Nd7 26. g4 Rc7 27. gxf5
gxf5 28. Rd3 Nc5 29. Re3 Rg6+ 30. Kh2 Kf8 31. Bd3 Rf6 32. Bc2 h6 33. Rg1 e6 34.
dxe6 Nxe6 35. Reg3 Rg7 36. Rxg7 Nxg7 37. Re1 Re6 38. Rxe6 Nxe6 39. Bxf5 Nxf4
40. Be4 b6 41. Kg3 Ne2+ 42. Kg4 Kg7 43. Bf3 Nd4 44. Bd1 Kg6 45. Kf4 Nc6 46. Ke4
Ne7 47. Kd4 Kf5 48. Bg4+ Kf4 49. Bd7 h5 50. Kc3 Ke3 51. Be6 Nc6 52. Bd7 Nb4 53.
c5 bxc5 54. Kc4 d5+ 55. Kxc5 d4 56. h4 Nd3+ 57. Kb5 Ne5 58. Bf5 d3 59. Kxa5 d2
60. Bc2 Ke2 61. Kb6 Nf3 62. a5 Nd4 63. Bg6 d1=Q 64. Bxh5+ Nf3 65. Bxf3+ Kxf3
66. b4 Qd6+ 67. Kb5 Qd7+ 68. Kb6 Ke4 69. a6 Kd5 70. h5 Qc6+ 71. Ka7 Qc7+ 72.
Ka8 Kc6 0-1

[Event "2. Bundesliga Ost 2013/2014"]
[Site "Wien"]
[Date "2014.03.22"]
[Round "10"]
[Board "6"]
[White "Plank, Franz"]
[Black "Lovrinovic, Christian"]
[Result "1/2-1/2"]
[WhiteElo "2232"]
[BlackElo "2140"]
[PlyCount "90"]
[EventDate "2013.10.05"]
[EventType "team"]
[EventRounds "11"]
[EventCountry "AUT"]
[WhiteTeam "SG Hietzing/Ottakring"]
[BlackTeam "Raiffeisen Waehring"]

1. e4 c5 2. d4 cxd4 3. Qxd4 Nc6 4. Qd3 g6 5. c4 Bg7 6. Nc3 Nf6 7. f3 d6 8. Be3
O-O 9. Qd2 Re8 10. Rd1 b6 11. Nge2 Ne5 12. Nf4 Bb7 13. Be2 Rc8 14. b3 h6 15.
O-O Kh7 16. Rfe1 Qc7 17. Bf1 Rcd8 18. Nfd5 Nxd5 19. Nxd5 Qc8 20. Bd4 Nc6 21.
Bxg7 Kxg7 22. Qb2+ Kg8 23. f4 Nb8 24. Be2 Bxd5 25. exd5 Nd7 26. Kh1 Nf6 27. Bf3
Rd7 28. Rd3 Rc7 29. Rde3 Kf8 30. h3 Qf5 31. Qd4 Ng8 32. R3e2 Qf6 33. Qd2 h5 34.
Kg1 Kg7 35. Re4 Nh6 36. g4 hxg4 37. hxg4 Qh4 38. Qh2 Qxh2+ 39. Kxh2 f5 40. gxf5
Nxf5 41. Bg4 Rh8+ 42. Kg2 Kf7 43. Bxf5 gxf5 44. R4e3 Rh4 45. Kg3 Rh6 1/2-1/2

[Event "2. Bundesliga Ost 2013/2014"]
[Site "Wien"]
[Date "2014.03.22"]
[Round "10"]
[Board "1"]
[White "Schwarhofer, Christopher"]
[Black "Schroll, Gerhard"]
[Result "1/2-1/2"]
[WhiteElo "2310"]
[BlackElo "2384"]
[PlyCount "76"]
[EventDate "2013.10.05"]
[EventType "team"]
[EventRounds "11"]
[EventCountry "AUT"]
[WhiteTeam "SGM Sparkasse Ternitz"]
[BlackTeam "Zwettl"]

1. e4 e6 2. d4 b6 3. f4 Bb7 4. Bd3 c5 5. Nf3 cxd4 6. Nxd4 Nf6 7. e5 Ne4 8. O-O
Nc5 9. Be2 Nc6 10. c3 Be7 11. Bf3 O-O 12. Be3 Nxd4 13. cxd4 Bxf3 14. Qxf3 Na6
15. Nc3 d6 16. Rad1 dxe5 17. fxe5 Bg5 18. Bxg5 Qxg5 19. Qb7 Nb4 20. Rf3 Qd8 21.
Qe4 Nd5 22. Rh3 h6 23. Qg4 Nxc3 24. bxc3 Qg5 25. Qe4 Rac8 26. Qb7 Qd8 27. Qxa7
Ra8 28. Qb7 Rxa2 29. Rf3 Rc2 30. Qe4 Ra2 31. Rdf1 Qa8 32. Qg4 Ra1 33. Qf4 Rxf1+
34. Rxf1 Qc6 35. Rf3 f5 36. exf6 Rxf6 37. Qb8+ Kh7 38. Rxf6 gxf6 1/2-1/2

[Event "2. Bundesliga Ost 2013/2014"]
[Site "Wien"]
[Date "2014.03.22"]
[Round "10"]
[Board "2"]
[White "Blatny, Pavel"]
[Black "Danner, Georg"]
[Result "1-0"]
[WhiteElo "2414"]
[BlackElo "2316"]
[PlyCount "111"]
[EventDate "2013.10.05"]
[EventType "team"]
[EventRounds "11"]
[EventCountry "AUT"]
[WhiteTeam "Zwettl"]
[BlackTeam "SGM Sparkasse Ternitz"]

1. b3 Nf6 2. Bb2 g6 3. g3 Bg7 4. Bg2 c5 5. c4 O-O 6. e4 d6 7. Ne2 Nc6 8. d3 Rb8
9. O-O a6 10. Qd2 b5 11. Nbc3 Ne8 12. Nd5 e6 13. Bxg7 Nxg7 14. Ne3 Bb7 15. f4
f5 16. Rad1 Nd4 17. Nxd4 cxd4 18. Nc2 bxc4 19. dxc4 e5 20. Qe2 Qa5 21. b4 Qxa2
22. Nxd4 Qxe2 23. Nxe2 Bxe4 24. Rxd6 Rxb4 25. Rc1 Rb2 26. Bf1 Bf3 27. Nc3 exf4
28. gxf4 Nh5 29. c5 Nxf4 30. c6 Rc8 31. Na4 Ne2+ 32. Bxe2 Rxe2 33. c7 Rg2+ 34.
Kf1 Rxh2 35. Rd8+ Kg7 36. Rc3 Rxc7 37. Rxc7+ Kf6 38. Rc3 Be2+ 39. Kg1 Rh4 40.
Nc5 Bc4 41. Nxa6 Rg4+ 42. Kf2 h5 43. Nc7 h4 44. Nd5+ Kg5 45. Ne3 Rf4+ 46. Kg1
Be6 47. Rd6 Re4 48. Rcc6 Bf7 49. Rf6 Re7 50. Kf2 h3 51. Nf1 Kf4 52. Rc3 g5 53.
Rf3+ Kg4 54. Nh2+ Kh4 55. Rh6+ Bh5 56. Rxh3+ 1-0

[Event "2. Bundesliga Ost 2013/2014"]
[Site "Wien"]
[Date "2014.03.22"]
[Round "10"]
[Board "3"]
[White "Matevosyan, Andy"]
[Black "Wagner, Stefan"]
[Result "1-0"]
[WhiteElo "2166"]
[BlackElo "2178"]
[PlyCount "53"]
[EventDate "2013.10.05"]
[EventType "team"]
[EventRounds "11"]
[EventCountry "AUT"]
[WhiteTeam "SGM Sparkasse Ternitz"]
[BlackTeam "Zwettl"]

1. e4 c5 2. Nf3 Nc6 3. d3 g6 4. Nbd2 Bg7 5. g3 e5 6. Bg2 Nge7 7. O-O O-O 8. a4
f5 9. c3 h6 10. Nc4 d6 11. b4 Be6 12. exf5 gxf5 13. b5 Na5 14. Nxa5 Qxa5 15.
Bd2 Qd8 16. Nh4 d5 17. Re1 Qd7 18. Qe2 a6 19. Bxh6 Bxh6 20. Qxe5 Kf7 21. Bf3
Bd2 22. Bh5+ Kg8 23. Re2 Bxc3 24. Qxc3 Bf7 25. Qxc5 Nc8 26. Bxf7+ Qxf7 27. Re5
 1-0

[Event "2. Bundesliga Ost 2013/2014"]
[Site "Wien"]
[Date "2014.03.22"]
[Round "10"]
[Board "4"]
[White "Vyskocil, Neklan"]
[Black "Braun, Karl-Heinz"]
[Result "1-0"]
[WhiteElo "2376"]
[BlackElo "2050"]
[PlyCount "61"]
[EventDate "2013.10.05"]
[EventType "team"]
[EventRounds "11"]
[EventCountry "AUT"]
[WhiteTeam "Zwettl"]
[BlackTeam "SGM Sparkasse Ternitz"]

1. d4 d5 2. c4 c6 3. cxd5 cxd5 4. Nc3 Nf6 5. Bf4 e6 6. e3 Bd6 7. Bxd6 Qxd6 8.
Bd3 O-O 9. f4 Nc6 10. Rc1 Bd7 11. Nf3 Rac8 12. Ne5 Ne8 13. O-O Nxe5 14. fxe5
Qe7 15. Qh5 g6 16. Qh6 f5 17. exf6 Rxf6 18. Rxf6 Qxf6 19. Rf1 Qg7 20. Qf4 g5
21. Qg3 Nf6 22. h3 h6 23. Qd6 Ne8 24. Qg3 Nf6 25. Kh2 a6 26. e4 Nh5 27. Qd6 Nf4
28. Bb1 dxe4 29. Nxe4 Bb5 30. Rxf4 gxf4 31. Qxe6+ 1-0

[Event "2. Bundesliga Ost 2013/2014"]
[Site "Wien"]
[Date "2014.03.22"]
[Round "10"]
[Board "5"]
[White "Thier, Robert"]
[Black "Buchnicek, Petr"]
[Result "1/2-1/2"]
[WhiteElo "1877"]
[BlackElo "2309"]
[PlyCount "92"]
[EventDate "2013.10.05"]
[EventType "team"]
[EventRounds "11"]
[EventCountry "AUT"]
[WhiteTeam "SGM Sparkasse Ternitz"]
[BlackTeam "Zwettl"]

1. c4 c6 2. d4 d5 3. cxd5 cxd5 4. Nc3 Nc6 5. Nf3 Nf6 6. Bf4 Bf5 7. e3 e6 8. Bd3
Bxd3 9. Qxd3 a6 10. a3 Be7 11. O-O O-O 12. h3 Rc8 13. Rfc1 Na5 14. Nd2 Qd7 15.
b4 Nc4 16. Nb3 b6 17. Nb1 Rc6 18. Ra2 Rfc8 19. Rac2 Ne4 20. N3d2 Ncxd2 21. Nxd2
g5 22. Bh2 Rxc2 23. Rxc2 Rxc2 24. Qxc2 Nxd2 25. Qxd2 Qc6 26. g4 Qc4 27. Qb2 Kf8
28. Bg3 Ke8 29. f4 Bd6 30. Kf2 gxf4 31. Bxf4 Bxf4 32. exf4 Qd3 33. Kg2 Qe4+ 34.
Kg3 Qe3+ 35. Kh4 Qxf4 36. Qc2 Qh6+ 37. Kg3 Qe3+ 38. Kh4 h6 39. Qc6+ Kf8 40.
Qxb6 Qf2+ 41. Kh5 Qf6 42. Qc5+ Kg7 43. Qc1 Qg6+ 44. Kh4 Qd3 45. Qf4 Qxa3 46. g5
hxg5+ 1/2-1/2

[Event "2. Bundesliga Ost 2013/2014"]
[Site "Wien"]
[Date "2014.03.22"]
[Round "10"]
[Board "6"]
[White "Groetz, Harald"]
[Black "Mursteiner, Gerhard"]
[Result "1-0"]
[WhiteElo "2316"]
[BlackElo "1768"]
[PlyCount "61"]
[EventDate "2013.10.05"]
[EventType "team"]
[EventRounds "11"]
[EventCountry "AUT"]
[WhiteTeam "Zwettl"]
[BlackTeam "SGM Sparkasse Ternitz"]

1. e4 d5 2. exd5 Qxd5 3. Nc3 Qa5 4. d4 c6 5. Bc4 Nf6 6. Nf3 Bg4 7. h3 Bxf3 8.
Qxf3 e6 9. O-O Bd6 10. Bf4 Qc7 11. Ne2 Nbd7 12. Rfe1 O-O 13. Rad1 Rad8 14. Bxd6
Qxd6 15. Nf4 Rfe8 16. Kh1 b6 17. Bb3 c5 18. dxc5 Qxc5 19. Nd3 Qc7 20. c3 Nc5
21. Nxc5 Qxc5 22. Re3 Rxd1+ 23. Qxd1 g6 24. Kg1 Rc8 25. Rd3 Kg7 26. Qd2 Ne4 27.
Qf4 Nf6 28. Rf3 Qe7 29. g4 Rd8 30. Qe5 h6 31. h4 1-0

[Event "2. Bundesliga Ost 2013/2014"]
[Site "Wien"]
[Date "2014.03.22"]
[Round "10"]
[Board "1"]
[White "Vlcek, Stanislav"]
[Black "Loeffler, Stefan"]
[Result "1/2-1/2"]
[WhiteElo "2309"]
[BlackElo "2415"]
[PlyCount "51"]
[EventDate "2013.10.05"]
[EventType "team"]
[EventRounds "11"]
[EventCountry "AUT"]
[WhiteTeam "Blackburne Nickelsdorf"]
[BlackTeam "ASVOE VHS Poechlarn"]

1. e4 c5 2. Nf3 e6 3. d3 d5 4. Nbd2 Ne7 5. g3 Nbc6 6. Bg2 g6 7. O-O Bg7 8. Re1
b6 9. exd5 Nxd5 10. Nb3 Bb7 11. c4 Ndb4 12. d4 Nxd4 13. Nbxd4 Bxd4 14. a3 Nc6
15. Nxd4 cxd4 16. Bh6 Qd7 17. Bg7 Rg8 18. Bf6 g5 19. Qa4 Rg6 20. Bxd4 Nxd4 21.
Qxd7+ Kxd7 22. Rad1 Bxg2 23. Rxd4+ Ke7 24. Kxg2 Rc8 25. Re5 Rgg8 26. Kf3
 1/2-1/2

[Event "2. Bundesliga Ost 2013/2014"]
[Site "Wien"]
[Date "2014.03.22"]
[Round "10"]
[Board "2"]
[White "Kostic, Vladimir"]
[Black "Bachofner, Andreas"]
[Result "1-0"]
[WhiteElo "2436"]
[BlackElo "2222"]
[PlyCount "133"]
[EventDate "2013.10.05"]
[EventType "team"]
[EventRounds "11"]
[EventCountry "AUT"]
[WhiteTeam "ASVOE VHS Poechlarn"]
[BlackTeam "Blackburne Nickelsdorf"]

1. e4 e6 2. d4 d5 3. e5 c5 4. c3 Nc6 5. Nf3 Nge7 6. Na3 cxd4 7. cxd4 Nf5 8. Nc2
Nh4 9. Bd2 Bd7 10. Bc3 Rc8 11. a3 Nxf3+ 12. Qxf3 Be7 13. Bd3 Qb6 14. O-O Na5
15. Qg3 g6 16. Rfd1 Nb3 17. Rab1 a5 18. h4 h5 19. Qf4 Bb5 20. g3 Rh7 21. Qe3
Bf8 22. Qe2 Bxd3 23. Rxd3 Qb5 24. Qd1 a4 25. Na1 Nxa1 26. Rxa1 Be7 27. Rb1 Qa6
28. b3 axb3 29. Rxb3 b6 30. Qb1 Rc6 31. Bd2 Kd7 32. Qd1 Qa4 33. Qf3 b5 34. Kg2
Rc4 35. Be3 Bd8 36. Rb1 Be7 37. Rdb3 Kc6 38. Rd3 Bd8 39. Rbd1 Be7 40. Bg5 Qa7
41. Bf6 Qd7 42. Rb1 Qd8 43. Rdb3 Bxf6 44. Rxb5 Bxe5 45. dxe5 Kd7 46. Rxd5+ exd5
47. Qxd5+ Ke8 48. Qxc4 Qa8+ 49. Kg1 Kf8 50. Qf4 Kg7 51. Rb3 Qd8 52. Rf3 Qe7 53.
Qd4 Kh6 54. a4 Rg7 55. a5 Rg8 56. a6 Ra8 57. Rf6 Ra7 58. Rd6 Ra8 59. e6 fxe6
60. Rd7 Qxd7 61. Qxd7 Rxa6 62. Qc8 Ra1+ 63. Kg2 Kh7 64. Qd7+ Kh6 65. Qxe6 Ra8
66. Qf7 Rc8 67. f3 1-0

[Event "2. Bundesliga Ost 2013/2014"]
[Site "Wien"]
[Date "2014.03.22"]
[Round "10"]
[Board "3"]
[White "Koffler, Daniel"]
[Black "Weinzettl, Ernst"]
[Result "0-1"]
[WhiteElo "2180"]
[BlackElo "2312"]
[PlyCount "64"]
[EventDate "2013.10.05"]
[EventType "team"]
[EventRounds "11"]
[EventCountry "AUT"]
[WhiteTeam "Blackburne Nickelsdorf"]
[BlackTeam "ASVOE VHS Poechlarn"]

1. d4 Nf6 2. c4 g6 3. Nf3 Bg7 4. g3 O-O 5. Bg2 c6 6. O-O d6 7. Nc3 Qa5 8. e4 e5
9. h3 Nbd7 10. Be3 exd4 11. Nxd4 Re8 12. Qc2 Ne5 13. b3 a6 14. Rad1 Qc7 15. Bc1
Rb8 16. Ba3 c5 17. Ndb5 axb5 18. Nxb5 Qa5 19. Rxd6 Bd7 20. Qc3 Ra8 21. Bxc5
Bxb5 22. Qxa5 Rxa5 23. cxb5 Rxa2 24. f4 Ned7 25. Bb4 Bf8 26. Rd4 Nc5 27. e5
Nxb3 28. Rc4 Rxg2+ 29. Kxg2 Nd5 30. Bxf8 Ne3+ 31. Kf2 Nxc4 32. Bb4 Rd8 0-1

[Event "2. Bundesliga Ost 2013/2014"]
[Site "Wien"]
[Date "2014.03.22"]
[Round "10"]
[Board "4"]
[White "Wilke, Werner"]
[Black "Steinert, Martin"]
[Result "1/2-1/2"]
[WhiteElo "2243"]
[BlackElo "2095"]
[PlyCount "58"]
[EventDate "2013.10.05"]
[EventType "team"]
[EventRounds "11"]
[EventCountry "AUT"]
[WhiteTeam "ASVOE VHS Poechlarn"]
[BlackTeam "Blackburne Nickelsdorf"]

1. e4 g6 2. d4 Bg7 3. Nc3 d6 4. Bg5 c6 5. Qd2 b5 6. f4 Qb6 7. e5 f6 8. exf6
Nxf6 9. Bd3 O-O 10. a4 b4 11. Nce2 Ba6 12. Nf3 Bxd3 13. Qxd3 Qa6 14. Qb3+ Nd5
15. c4 bxc3 16. Nxc3 Qd3 17. Ra3 Qe3+ 18. Kd1 Qd3+ 19. Kc1 Rc8 20. Rd1 Qe3+ 21.
Kb1 Nd7 22. f5 Qf2 23. Nxd5 cxd5 24. Qxd5+ Kh8 25. Rd2 Qf1+ 26. Ka2 Nb6 27. Qe6
Qc4+ 28. b3 Qxe6 29. fxe6 Nd5 1/2-1/2